000
00464nam a2200145Ia 4500
008
100204s9999 xx 000 0 und d
082
_b
13962
100
_a
हसमनीस द. का.
245
_a
सोन्याचे कडे
260
_b
"नवलेखन प्रकाशन, मुंबई"
_c
1964
300
_a
168
630
_a
सोन्याचे कडे
730
_a
सोन्याचे कडे
942
_c
BOOK
999
_c
458393
_d
458390